| 000 | 00926cam a2200313 a 4500 | ||
|---|---|---|---|
| 001 | 109899 | ||
| 005 | 20230410132804.0 | ||
| 008 | 870923s1986 nyua 001 0 eng | ||
| 035 | _9(DLC) 87107679 | ||
| 035 | _a1953061 | ||
| 010 | _a 87107679 | ||
| 020 |
_a0064603075 (pbk.) : _c$9.95 |
||
| 040 |
_aDLC _cDLC _dDLC |
||
| 050 | 1 | 4 |
_aQH 308.2 _bG852b 1986 |
| 082 | 0 | 0 | _a574 |
| 100 | 1 | _aGriffin, Robert D. | |
| 245 | 1 | 4 |
_aThe biology coloring book / _cby Robert D. Griffin ; illustrations by Cinthea Vadala. |
| 250 | _a1st ed. | ||
| 260 |
_aNew York : _bBarnes & Noble Books, _c[1986] |
||
| 300 |
_a233 p. : _bill. ; _c28 cm. |
||
| 500 | _aIncludes index. | ||
| 650 | 0 | _aBiology. | |
| 650 | 0 | _aColoring books. | |
| 650 | 4 | _aBiologĂa. | |
| 650 | 4 | _aLibros para colorear. | |
| 856 | 4 | 2 |
_3Publisher description _uhttp://www.loc.gov/catdir/description/hc044/87107679.html |
| 942 |
_2lcc _cbk |
||
| 946 | _aYSL | ||
| 999 |
_c87777 _d87777 |
||